000 00367 a2200145 4500
001 151472
040 _cEscola São Tomás de Aquino
100 _aREBOUÇAS, Thalita
240 1 0 _aPor que só as princesa se dão bem ?
_lpor
245 1 0 _aPor que só as princesa se dão bem ?
362 0 _a2013
440 1 _aRocco
697 _a*LITERATURA INFANTO
942 _cBK
999 _c151472
_d151472